| 000 | 00481nam a2200169Ia 4500 | ||
|---|---|---|---|
| 008 | 230711s9999||||xx |||||||||||||| ||und|| | ||
| 020 | _a978-93-5213-475-5 | ||
| 041 | _aENG | ||
| 082 |
_a005.133P _bDO-T |
||
| 100 | _aDowney, Allen B | ||
| 245 | 0 |
_aThink Python _bHow to Think Like A Computer Scientist |
|
| 250 | _a2nd Ed. | ||
| 260 |
_c2021 _aNew Delhi _bShroff Publishers & Distributors Pvt. Ltd ( O'REILLY) |
||
| 300 | _a268p. | ||
| 650 | _aComputer Engineering | ||
| 942 | _cBK | ||
| 999 |
_c6943 _d6943 |
||